000 00455nam a2200157 4500
001 131313
003 ES-MaACL
007 t|
008 070214s1960 sp r ||||1| spa d
100 1 _aRobles, Julio.
_997939
245 1 0 _aCuentas de clientes /
_cpor Julio Robles y Florián Ruiz.
260 _aMadrid :
_b[s. n.],
_c1960 (
_fImp. La Rafa)
300 _a574 p. ;
_c22 cm.
700 1 _aRuiz, Florián.
_9100606
852 _aES-MaACL
_jL-4120
_bR.104972
999 _c131313
_d131313